Nursing outcomes classification (NOC) :measurement of health outcomes
Αποθηκεύτηκε σε:
| Μορφή: | Βιβλίο |
|---|---|
| Γλώσσα: | Αγγλικά |
| Έκδοση: |
Elsevier
2013
|
| Ετικέτες: |
Προσθήκη ετικέτας
Δεν υπάρχουν, Καταχωρήστε ετικέτα πρώτοι!
|
MARC
| LEADER | 00000nam a22000007a 4500 | ||
|---|---|---|---|
| 008 | 240426b |||||||| |||| 00| 0 eng d | ||
| 020 | |a 9780323100106 | ||
| 245 | |a Nursing outcomes classification (NOC) |b :measurement of health outcomes |c Sue Moorhead....[et al..] |g xix, 751p. | ||
| 250 | |b 5th edition |c MOORHEAD, Sue | ||
| 260 | |b Elsevier |c 2013 |h Oxford |i 702748 |l RT85.5.N93 |m Nursing - standards |m Outcome Assessment (Health care)- standards | ||
| 500 | |a It includes index and references | ||
| 942 | |a lcc |c BK |e Adeyemo O.O. |f 26/04/2024 | ||
| 952 | |0 0 |1 0 |2 lcc |4 0 |6 RT00855 N93 |7 0 |9 5105 |a HOL |b HOL |c QZ |d 2024-04-26 |l 0 |o RT85.5.N93 |p 2024-0352 |r 2024-04-26 00:00:00 |t 702748 |w 2024-04-26 |y BK | ||
| 999 | |c 2535 |d 2535 | ||